Business Economics (macro) (Record no. 35882)

MARC details
000 -LEADER
fixed length control field 00488nam a2200193Ia 4500
008 - FIXED-LENGTH DATA ELEMENTS--GENERAL INFORMATION
fixed length control field 220531s9999 xx 000 0 und d
041 ## - LANGUAGE CODE
Language code of text/sound track or separate title eng
082 ## - DEWEY DECIMAL CLASSIFICATION NUMBER
Item number KHA / SHR
100 ## - MAIN ENTRY--PERSONAL NAME
Personal name Kharat, P. / Shrivastava, V.
9 (RLIN) 63136
245 ## - TITLE STATEMENT
Title Business Economics (macro)
250 ## - EDITION STATEMENT
Edition statement 1ST
260 ## - PUBLICATION, DISTRIBUTION, ETC. (IMPRINT)
Place of publication, distribution, etc. Pune
Name of publisher, distributor, etc. Atharva
Date of publication, distribution, etc. 2014
300 ## - PHYSICAL DESCRIPTION
Extent 122
542 ## - INFORMATION RELATING TO COPYRIGHT STATUS
Copyright holder 25-07-2014
551 ## -
-- Economics
-- Grantebal-E
650 ## - SUBJECT ADDED ENTRY--TOPICAL TERM
Topical term or geographic name as entry element Economics
9 (RLIN) 63137
906 ## - LOCAL DATA ELEMENT F, LDF (RLIN)
d 2014-2015
f 680
Holdings
Withdrawn status Lost status Source of classification or shelving scheme Damaged status Not for loan Collection code Home library Current library Date acquired Vendor Cost, normal purchase price Total Checkouts Total Holds Full call number Barcode Date last seen Bill Date Koha item type Original Barcode
Withdrawn   Dewey Decimal Classification       Shri Siddhivinayak Mahila Mahavidyalaya Shri Siddhivinayak Mahila Mahavidyalaya 31/07/2014 Forword Book 150.00   2 /KHA / SHR/B/16885 SSMM-BK-16885 06/08/2022 06/08/2022 Books 010016885